| 000 | 00959nam0a22002651 4500 | ||
|---|---|---|---|
| 001 | rc\4995240 | ||
| 005 | 20250613064004.0 | ||
| 021 |
_aRU _b[62-59115] |
||
| 035 | _a(NLR Aleph) 008989839 | ||
| 090 |
_a9239390 _c9239390 |
||
| 100 | _a20130430d1962 |||y0rusy50 ca | ||
| 101 | 0 | _arus | |
| 102 | _aRU | ||
| 105 | _aa g ||||| | ||
| 200 | 1 |
_aСправочник по деревообработке _eВ помощь мастеру и рабочему деревообрабатывающего предприятия _f[Общ. ред. А.Н. Цукерканделя] |
|
| 210 |
_aНовосибирск _cКн. изд-во _d1962 |
||
| 215 |
_a207 с. _cил. _d21 |
||
| 320 | _aБиблиогр.: с. 202-205 | ||
| 606 |
_aДеревообработка _jСправочники _2psbo |
||
| 702 | 1 |
_aЦукеркандель _bА.Н. _4340 |
|
| 801 | 0 |
_aRU _bNLR _gpsbo |
|
| 801 | 1 |
_aRU _bELAR _2rusmarc |
|
| 852 |
_aNLR _j62-3/4261 |
||
| 942 | _cBOOK | ||
| 980 | _aNB | ||